Zdanění firem v EU po rozšíření, možné implikace pro jeho harmonizaci a pro zdanění firem v ČR
Štruktúra daňových systémov v EÚ so zreteľom k zdaneniu firiem. Súčasný stav a plánovaný vývoj zdaňovania firiem v Českej republike. Zdaňovanie firiem a Európska únia. Vývoj koordinácie a harmonizácia zdanenia firiem v Európe. Súčasný stav a možnosti ďalšieho vývoja. Implikácie pre Českú republiku...
Salvato in:
| Autore principale: | |
|---|---|
| Altri autori: | , |
| Natura: | Capitolo di libro |
| Lingua: | ceco |
| Soggetti: | |
| Tags: |
Nessun Tag, puoi essere il primo ad aggiungerne!!
|
MARC
| LEADER | 00000naa$a2200000$$$4500 | ||
|---|---|---|---|
| 001 | 0027174 | ||
| 005 | 20231114081639.5 | ||
| 041 | 0 | |a cze | |
| 044 | |a CZ | ||
| 245 | 1 | 0 | |a Zdanění firem v EU po rozšíření, možné implikace pro jeho harmonizaci a pro zdanění firem v ČR |c Martin Jareš, Jan Pavel, Leoš Vítek |
| 520 | |a Štruktúra daňových systémov v EÚ so zreteľom k zdaneniu firiem. Súčasný stav a plánovaný vývoj zdaňovania firiem v Českej republike. Zdaňovanie firiem a Európska únia. Vývoj koordinácie a harmonizácia zdanenia firiem v Európe. Súčasný stav a možnosti ďalšieho vývoja. Implikácie pre Českú republiku. | ||
| 610 | 2 | 0 | |a zdaňovanie |
| 610 | 2 | 0 | |a sadzby daňové |
| 610 | 2 | 0 | |a Česko |
| 610 | 2 | 0 | |a Európska únia |
| 610 | 2 | 0 | |a firmy |
| 610 | 2 | 0 | |a harmonizácia |
| 610 | 2 | 0 | |a systémy daňové |
| 100 | 1 | |a Jareš, Martin | |
| 700 | 1 | |a Pavel, Jan | |
| 700 | 1 | |a Vítek, Leoš | |